00522nam a2200169Ia 4500003000400000008004100004040001600045082001600061100002400077245008300101260005100184300001000235650001600245650002200261650003700283650003200320GCL140319s9999 xx 000 0 eng d aGCL / cGCL04a812.52bB H1 aBURWELL, ROSE MARIE10aHEMINGWAY: THE POSTWAR YEARS AND THE POSTHUMOUS NOVELS / cBURWELL, ROSE MARIE a[S.N] : bCAMBRIDGE UNIVERSITY PRESS ، c1996 a250 P04aBIOGRAPHIES04aHEMINGWAY, ERNEST04aNOVELISTS, AMERICAN - 20 CENTURY04aJOURNALISTS - UNITED STATES